000 00608nam a2200229Ia 4500
003 OSt
005 20220928141344.0
006 a|||||r|||| 00| 0
007 ta
008 220927b |||||||| |||| 00| 0 eng d
024 _a14566
037 _cTextual
040 _aSDCL
_cSDCL
_beng
041 _2eng
_aeng
082 _aX:8:(S), L5
100 _aFeinberg Mortimer R
_9499768
245 0 _aNew psychology for managing people
260 _c1975
700 _a Tanofsky Robert
_9499769
942 _hX:8:(S), L5
_cTEXL
_2CC
999 _c816975
_d816975